00649nam a2200157 a 450000100100000000500170001000800410002704000250006811101130009324500650020626000430027130000270031459000280034195201050036999900170047400002745920200930030841.0110331s2014 dr a 000 spa d aDO-SdBNPbspacBNPHU 2aConferencia Modelo Dominicano de las Naciones Unidas en Nueva Yorkn21 al 25 de marzod2013cNew York954529 0aConferencia Modelo Dominicano de las Naciones Unidadas 2013. aSanto Domingo :, :bFUNGLODE,c[2014]. a56 p. :bil. ;c29 cm. aInventariado, 2020 / DG 0010718PDaPDbPDcHDd2011-03-31iLF1l0o p27459-10r2020-06-25w2020-06-25yLFPDZNo se presta c26951d26951